000 00753cab a2200229 4500
001 ABS49497
008 090401t1993 xxu||||| |||| 00| 0 eng d
035 _a(Sirsi) u71588
041 _aeng
100 _aGreen, A.
245 _aComputers in control?
260 _c1993
350 _a0
490 _aPlanning (for the Natural and Built Environment)
_v(1037) 24 September 1993, 24-25(2)
520 _aDescribes the results of a survey by the Nuffield Foundation intot heuse of computers in planning and development control departments.
650 _aDEVELOPMENT CONTROL
690 _aMANAGEMENT-BUSINESS MANAGEMENT-INFORMATION MANAGEMENT
690 _aPLANNING LAW AND PRACTICE
700 _aLamb, B.
942 _n0
948 _c04/03/1997
999 _c45154
_d45154